[Event "Titled Tuesday intern op 12th Jul Early"]
[Site "Chess.com INT"]
[Date "2022.07.12"]
[Round "5"]
[White "Gatterer, Florian"]
[Black "Blanco Fernandez, Alvaro"]
[Result "1-0"]
[WhiteElo "2167"]
[BlackElo "2184"]
[PlyCount "77"]
[EventDate "2022.07.12"]
[EventType "swiss (blitz)"]
[EventRounds "11"]
[EventCountry "USA"]
[SourceTitle "EXT 2023"]
[Source "ChessBase"]
[SourceDate "2022.10.05"]
[SourceVersion "1"]
[SourceVersionDate "2022.10.05"]
[SourceQuality "1"]

1. b3 Nf6 2. Bb2 e6 3. Nf3 c5 4. c4 b6 5. g3 Bb7 6. Bg2 Be7 7. 0-0 0-0 8. Nc3 a6 9. Re1 d6 10. e4 Nbd7 11. d4 cxd4 12. Nxd4 Qc7 13. Rc1 Rfe8 14. h3 Rac8 15. Qe2 Qb8 16. Kh2 Ba8 17. f4 Nf8 18. f5 N6d7 19. fxe6 fxe6 20. Nf3 Ne5 21. Nxe5 dxe5 22. Nd1 Bc5 23. Ne3 Ng6 24. Ng4 Rcd8 25. h4 Nf4 26. gxf4 exf4 27. Qf3 Rd2 28. Be5 Bd6 29. Qxf4 Rf8 30. Bxd6 Rxd6 31. Qe5 Qd8 32. Qg5 Qc7 33. Kh1 Rd2 34. Qe5 Qe7 35. Qg5 Qc7 36. Rf1 Rfd8 37. Nh6+ Kh8 38. Nf7+ Kg8 39. Nxd8 1-0

[Event "Iberoamerican-ch 8th"]
[Site "Mexico City"]
[Date "2022.02.19"]
[Round "9"]
[White "Blanco Fernandez, Alvaro"]
[Black "Paredes Guzman, Francisco Javier"]
[Result "0-1"]
[WhiteElo "2216"]
[BlackElo "1891"]
[PlyCount "69"]
[EventDate "2022.02.12"]
[EventType "swiss"]
[EventRounds "9"]
[EventCountry "MEX"]
[SourceTitle "CBM 206 Extra"]
[Source "ChessBase"]
[SourceDate "2022.03.31"]
[SourceVersion "1"]
[SourceVersionDate "2022.03.31"]
[SourceQuality "1"]

1. d4 Nf6 2. c4 g6 3. Nc3 Bg7 4. e4 d6 5. Be2 0-0 6. Be3 e5 7. d5 Na6 8. g4 Nc5 9. f3 a5 10. h4 h5 11. g5 Nh7 12. Qc2 c6 13. 0-0-0 Qc7 14. Bxc5 dxc5 15. d6 Qd8 16. Na4 b6 17. Qb3 Ra6 18. Bf1 Re8 19. d7 Bxd7 20. Bh3 Nf8 21. Ne2 Re7 22. Bxd7 Rxd7 23. Rxd7 Nxd7 24. Rd1 Qc7 25. Qd3 Ra7 26. Kb1 Bf8 27. Nac3 Be7 28. Qd2 Nf8 29. f4 exf4 30. Nxf4 Qe5 31. Nd3 Qd4 32. Qf4 Qxc4 33. e5 Qxf4 34. Nxf4 Rd7 35. Re1 0-1

[Event "Iberoamerican-ch 8th"]
[Site "Mexico City"]
[Date "2022.02.13"]
[Round "2"]
[White "Cuenca Jimenez, Jose Fernando"]
[Black "Blanco Fernandez, Alvaro"]
[Result "1-0"]
[WhiteElo "2552"]
[BlackElo "2216"]
[PlyCount "86"]
[EventDate "2022.02.12"]
[EventType "swiss"]
[EventRounds "9"]
[EventCountry "MEX"]
[SourceTitle "CBM 206 Extra"]
[Source "ChessBase"]
[SourceDate "2022.03.31"]
[SourceVersion "1"]
[SourceVersionDate "2022.03.31"]
[SourceQuality "1"]

1. d4 Nf6 2. c4 e6 3. Nf3 Bb4+ 4. Bd2 a5 5. a3 Be7 6. Nc3 d5 7. Bf4 0-0 8. e3 b6 9. Bd3 Bb7 10. cxd5 exd5 11. 0-0 c5 12. Ne5 Na6 13. Qf3 Nc7 14. Qh3 Ne6 15. Ne2 Nxf4 16. Nxf4 Bd6 17. Rfd1 Re8 18. Nf3 Bxf4 19. exf4 Bc8 20. Qh4 c4 21. Bc2 Re2 22. Bxh7+ Kf8 23. Rd2 Rxd2 24. Nxd2 Be6 25. Bc2 Ne4 26. Qxd8+ Rxd8 27. Nf1 b5 28. Ne3 f5 29. f3 Nd6 30. Kf2 g6 31. h4 Kf7 32. g4 Rh8 33. Kg3 Kf6 34. Re1 b4 35. axb4 axb4 36. Ra1 Nb5 37. Ra6 Nxd4 38. Nxd5+ Kg7 39. Nxb4 Rb8 40. Nc6 Nxc6 41. Rxc6 Rb7 42. b3 Rxb3 43. Bxf5 Rb2 1-0

[Event "Mexico City Latinoamericano-A 1st"]
[Site "Mexico City"]
[Date "2021.11.05"]
[Round "4"]
[White "Galaviz Medina, Sion Radamantys"]
[Black "Blanco Fernandez, Alvaro"]
[Result "1-0"]
[WhiteElo "2377"]
[BlackElo "2235"]
[PlyCount "58"]
[EventDate "2021.11.03"]
[EventType "tourn"]
[EventRounds "9"]
[EventCountry "MEX"]
[EventCategory "7"]
[SourceTitle "CBM 205 Extra"]
[Source "ChessBase"]
[SourceDate "2022.01.31"]
[SourceVersion "1"]
[SourceVersionDate "2022.01.31"]
[SourceQuality "1"]

1. d4 Nf6 2. c4 e6 3. Nc3 Bb4 4. e3 b6 5. Nge2 Bb7 6. a3 Bd6 7. Qc2 c5 8. d5 0-0 9. Nb5 Ne8 10. e4 f5 11. Ng3 Qh4 12. Bd3 Be5 13. f4 Bxf4 14. 0-0 Bxc1 15. Raxc1 f4 16. e5 exd5 17. Nf5 Qg5 18. h4 Qd8 19. Rxf4 Kh8 20. Rcf1 Nc6 21. Nfd6 Rxf4 22. Rxf4 Nxd6 23. Nxd6 Nxe5 24. Qe2 Qe7 25. Nf7+ Kg8 26. Nxe5 dxc4 27. Bxh7+ Kxh7 28. Qh5+ Kg8 29. Ng6 Qd8 1-0

[Event "Mexico City Latinoamericano-A 1st"]
[Site "Mexico City"]
[Date "2021.11.03"]
[Round "1"]
[White "Blanco Fernandez, Alvaro"]
[Black "Quesada Perez, Luis Ernesto"]
[Result "0-1"]
[WhiteElo "2235"]
[BlackElo "2545"]
[PlyCount "76"]
[EventDate "2021.11.03"]
[EventType "tourn"]
[EventRounds "9"]
[EventCountry "MEX"]
[EventCategory "7"]
[SourceTitle "CBM 205 Extra"]
[Source "ChessBase"]
[SourceDate "2022.01.31"]
[SourceVersion "1"]
[SourceVersionDate "2022.01.31"]
[SourceQuality "1"]

1. d4 Nf6 2. c4 c5 3. d5 e6 4. Nc3 exd5 5. cxd5 d6 6. Nf3 g6 7. h3 Bg7 8. Bf4 0-0 9. e3 Re8 10. Nd2 Nbd7 11. Be2 Ne5 12. 0-0 a6 13. a4 Nfd7 14. Bh2 f5 15. Qc2 b6 16. Rfe1 Nf6 17. f4 Nf7 18. Bf3 Rb8 19. Nc4 Bd7 20. a5 b5 21. Nb6 Rb7 22. e4 b4 23. e5 bxc3 24. bxc3 dxe5 25. fxe5 Ne4 26. e6 Bxe6 27. dxe6 Rxe6 28. Bxe4 Rxe4 29. Rxe4 fxe4 30. Qxe4 Bxc3 31. Qxb7 Bxa1 32. Qb8 Qxb8 33. Bxb8 Nd8 34. Nd5 Kf7 35. Ba7 Nb7 36. Bb6 Be5 37. Kf1 Ke6 38. Ne3 Bc3 0-1

[Event "FIDE World Cup Mexico Qual"]
[Site "Mexico City"]
[Date "2021.05.29"]
[Round "6"]
[White "Tapie Amione, Pablo Adib"]
[Black "Blanco Fernandez, Alvaro"]
[Result "0-1"]
[WhiteElo "2291"]
[BlackElo "2219"]
[PlyCount "90"]
[EventDate "2021.05.26"]
[EventType "swiss"]
[EventRounds "9"]
[EventCountry "MEX"]
[SourceTitle "CBM 202 Extra"]
[Source "ChessBase"]
[SourceDate "2021.07.31"]
[SourceVersion "1"]
[SourceVersionDate "2021.07.31"]
[SourceQuality "1"]

1. e4 c5 2. Nf3 Nc6 3. Bb5 g6 4. 0-0 Bg7 5. Re1 a6 6. Bf1 e5 7. c3 Nge7 8. d4 exd4 9. cxd4 Nxd4 10. Nxd4 cxd4 11. Bf4 0-0 12. Bd6 Re8 13. Bc4 b5 14. Bb3 Bb7 15. Qf3 Nf5 16. Bxf7+ Kxf7 17. Qb3+ Re6 18. exf5 gxf5 19. Bf4 Qh4 20. Bg3 Qg5 21. f4 Qe7 22. Nd2 Re8 23. Nf3 Bxf3 24. Qxf3 Qc5 25. Rec1 Qd6 26. Qh5+ Kg8 27. Qxf5 d3 28. Rd1 d2 29. Rab1 Qd4+ 30. Kh1 Re2 31. Qg4 Qe4 32. Qf3 Qxf3 33. gxf3 Bxb2 34. Kg1 Bc3 35. Kf1 Re1+ 36. Bxe1 dxe1Q+ 37. Rxe1 Rxe1+ 38. Rxe1 Bxe1 39. Kxe1 Kf7 40. Kd2 Kf6 41. Ke3 Kf5 42. Kd4 Kxf4 43. Kc5 Kxf3 44. Kb6 d5 45. Kc5 Ke4 0-1

[Event "Titled Tuesday intern op 11th May"]
[Site "Chess.com INT"]
[Date "2021.05.11"]
[Round "5"]
[White "Blanco Fernandez, Alvaro"]
[Black "Necula, Iulian"]
[Result "1-0"]
[WhiteElo "2219"]
[BlackElo "1890"]
[PlyCount "87"]
[EventDate "2021.05.11"]
[EventType "swiss (blitz)"]
[EventRounds "11"]
[EventCountry "USA"]
[SourceTitle "CBM 202 Extra"]
[Source "ChessBase"]
[SourceDate "2021.07.31"]
[SourceVersion "1"]
[SourceVersionDate "2021.07.31"]
[SourceQuality "1"]

1. e4 g6 2. d4 c6 3. Nf3 d5 4. exd5 cxd5 5. Bb5+ Bd7 6. Bd3 Nf6 7. 0-0 Bg7 8. Re1 0-0 9. c3 Nc6 10. Bf4 Bg4 11. h3 Bxf3 12. Qxf3 e6 13. Nd2 h6 14. Qe2 Nh5 15. Bh2 Qd7 16. Nf3 Rae8 17. Qc2 f5 18. Ne5 Nxe5 19. dxe5 a6 20. a4 Qf7 21. g4 fxg4 22. Bxg6 Qf3 23. Bxh5 Qxh3 24. Bxe8 Rxe8 25. Re3 Qh5 26. Bg3 Rf8 27. Qe2 Rf5 28. Re1 Qg6 29. Qf1 h5 30. Qg2 Bh6 31. R3e2 Bg5 32. Bh2 Kh7 33. Kh1 Be7 34. Rf1 h4 35. Rg1 Rg5 36. Bf4 h3 37. Qg3 Rh5 38. Qxg4 Qxg4 39. Rxg4 Bc5 40. Bg3 b5 41. axb5 axb5 42. Rh4 Kg6 43. Kh2 Rf5 44. Kxh3 1-0

[Event "Titled Tuesday intern op 13th Apr"]
[Site "Chess.com INT"]
[Date "2021.04.13"]
[Round "6"]
[White "Blanco Fernandez, Alvaro"]
[Black "Kairbekova, Amina"]
[Result "1-0"]
[WhiteElo "2219"]
[BlackElo "2132"]
[PlyCount "89"]
[EventDate "2021.04.13"]
[EventType "swiss (blitz)"]
[EventRounds "11"]
[EventCountry "USA"]
[SourceTitle "CBM 201 Extra"]
[Source "ChessBase"]
[SourceDate "2021.05.31"]
[SourceVersion "1"]
[SourceVersionDate "2021.05.31"]
[SourceQuality "1"]

1. e4 c5 2. Nc3 Nc6 3. f4 e6 4. Bb5 Nd4 5. Nf3 a6 6. Bd3 Be7 7. 0-0 b5 8. e5 Bb7 9. Be4 Qb6 10. d3 f5 11. Bxb7 Qxb7 12. Nxd4 cxd4 13. Ne2 Qb6 14. Bd2 Nh6 15. h3 0-0 16. Kh1 d6 17. exd6 Bxd6 18. c3 dxc3 19. Bxc3 Nf7 20. Qb3 Rfe8 21. Nd4 b4 22. Nf3 a5 23. Bd2 Qc7 24. Nd4 a4 25. Qd1 Bc5 26. Nf3 Qb6 27. d4 Bxd4 28. Bxb4 Qxb4 29. Qxd4 Qxd4 30. Nxd4 Nd6 31. Rfc1 Ne4 32. Nb5 Rac8 33. Nc7 Re7 34. Nb5 Ree8 35. Nd4 Rcd8 36. Rc4 Rd5 37. Rxa4 Red8 38. Nxe6 Rd1+ 39. Rxd1 Rxd1+ 40. Kh2 Rd2 41. Nd4 Rxb2 42. Nxf5 Nc3 43. Rc4 Nxa2 44. Nd6 Rb6 45. Rc8# 1-0

[Event "Titled Tuesday intern op 09th Mar"]
[Site "Chess.com INT"]
[Date "2021.03.09"]
[Round "7"]
[White "Blanco Fernandez, Alvaro"]
[Black "Fernandez Barrera, Victor"]
[Result "1-0"]
[WhiteElo "2219"]
[BlackElo "2298"]
[PlyCount "91"]
[EventDate "2021.03.09"]
[EventType "swiss (blitz)"]
[EventRounds "11"]
[EventCountry "USA"]
[SourceTitle "CBM 201 Extra"]
[Source "ChessBase"]
[SourceDate "2021.05.31"]
[SourceVersion "1"]
[SourceVersionDate "2021.05.31"]
[SourceQuality "1"]

1. d4 Nf6 2. c4 g6 3. Nc3 d5 4. cxd5 Nxd5 5. Bd2 Bg7 6. e4 Nb6 7. Be3 0-0 8. f4 f5 9. e5 Be6 10. Nf3 Nd5 11. Bd2 h6 12. Bc4 c6 13. a4 Nd7 14. 0-0 N7b6 15. Bb3 a5 16. Kh1 Qd7 17. Nh4 Kh7 18. Rf3 Rad8 19. Rg3 Bf7 20. Nxd5 Nxd5 21. Bxa5 b6 22. Bd2 e6 23. Bc2 Ne7 24. Bc3 Qb7 25. Bb4 c5 26. Bc3 Nc6 27. Rd3 Qe7 28. Nf3 c4 29. Rd2 Nb4 30. Qe2 Nd5 31. g3 Rc8 32. Kg2 Rfd8 33. h3 g5 34. Qf2 Bg6 35. Kh2 gxf4 36. g4 fxg4 37. Bxg6+ Kxg6 38. Qg2 g3+ 39. Kh1 Ne3 40. Nh4+ Qxh4 41. Qe4+ Kf7 42. Kg1 Qxh3 43. Qxf4+ Qf5 44. Qxe3 Qf2+ 45. Rxf2+ gxf2+ 46. Qxf2+ 1-0

[Event "Titled Tuesday intern op 09th Mar"]
[Site "Chess.com INT"]
[Date "2021.03.09"]
[Round "4"]
[White "Gusarov, Grigory"]
[Black "Blanco Fernandez, Alvaro"]
[Result "0-1"]
[WhiteElo "2354"]
[BlackElo "2219"]
[PlyCount "70"]
[EventDate "2021.03.09"]
[EventType "swiss (blitz)"]
[EventRounds "11"]
[EventCountry "USA"]
[SourceTitle "CBM 201 Extra"]
[Source "ChessBase"]
[SourceDate "2021.05.31"]
[SourceVersion "1"]
[SourceVersionDate "2021.05.31"]
[SourceQuality "1"]

1. d4 Nf6 2. Nf3 e6 3. c4 d5 4. g3 Be7 5. Bg2 0-0 6. 0-0 dxc4 7. Na3 a6 8. Nxc4 c5 9. Nfe5 cxd4 10. a4 Nc6 11. Bxc6 bxc6 12. Nxc6 Qc7 13. Nxe7+ Qxe7 14. Qxd4 Rd8 15. Qh4 e5 16. Bg5 Rd4 17. Bxf6 gxf6 18. Qh6 Rxc4 19. Rac1 Be6 20. b3 Rxc1 21. Rxc1 Bxb3 22. a5 Rd8 23. h4 Rd1+ 24. Rxd1 Bxd1 25. Qd2 Ba4 26. e4 Qd7 27. Qb4 Bc6 28. Kg2 Qd4 29. Qb8+ Kg7 30. f3 Qd2+ 31. Kh3 Bd7+ 32. g4 Qf2 33. Qb3 h5 34. Qxf7+ Kxf7 35. f4 hxg4# 0-1

[Event "Titled Tuesday intern op 09th Mar"]
[Site "Chess.com INT"]
[Date "2021.03.09"]
[Round "5"]
[White "Osmak, Iulija"]
[Black "Blanco Fernandez, Alvaro"]
[Result "1-0"]
[WhiteElo "2428"]
[BlackElo "2219"]
[PlyCount "35"]
[EventDate "2021.03.09"]
[EventType "swiss (blitz)"]
[EventRounds "11"]
[EventCountry "USA"]
[SourceTitle "CBM 201 Extra"]
[Source "ChessBase"]
[SourceDate "2021.05.31"]
[SourceVersion "1"]
[SourceVersionDate "2021.05.31"]
[SourceQuality "1"]

1. b4 c6 2. Bb2 a5 3. a3 Qb6 4. c4 d6 5. d4 Nf6 6. e3 g6 7. Nf3 Bg7 8. c5 Qc7 9. Nc3 0-0 10. Be2 b6 11. cxd6 Qxd6 12. b5 c5 13. 0-0 cxd4 14. Nxd4 Bb7 15. Bf3 Qd7 16. Nc6 Rc8 17. Qxd7 Nbxd7 18. Nxe7+ 1-0

[Event "Titled Tuesday intern op 09th Mar"]
[Site "Chess.com INT"]
[Date "2021.03.09"]
[Round "11"]
[White "Vifleemskaia, Svetlana"]
[Black "Blanco Fernandez, Alvaro"]
[Result "1-0"]
[WhiteElo "1926"]
[BlackElo "2219"]
[PlyCount "139"]
[EventDate "2021.03.09"]
[EventType "swiss (blitz)"]
[EventRounds "11"]
[EventCountry "USA"]
[SourceTitle "CBM 201 Extra"]
[Source "ChessBase"]
[SourceDate "2021.05.31"]
[SourceVersion "1"]
[SourceVersionDate "2021.05.31"]
[SourceQuality "1"]

1. d4 Nf6 2. c4 g6 3. Nc3 Bg7 4. e4 d6 5. Nge2 0-0 6. Ng3 c5 7. d5 e6 8. Be2 exd5 9. cxd5 a6 10. a4 Qa5 11. 0-0 b5 12. Bf4 b4 13. Nb1 Qc7 14. Nd2 Ne8 15. Nc4 a5 16. Rc1 Ba6 17. b3 Bxc4 18. Bxc4 Nd7 19. Qd2 Ne5 20. Bh6 Nxc4 21. Rxc4 Nf6 22. Bxg7 Kxg7 23. Rfc1 Rfe8 24. Qb2 Qe7 25. f4 Kg8 26. Qf2 Ng4 27. Qf3 Qh4 28. h3 Nh6 29. f5 Qg5 30. f6 Re5 31. Rf1 Rae8 32. Qf4 Qxf4 33. Rxf4 Kf8 34. h4 Ng8 35. Kf2 h6 36. Rc1 h5 37. Kf3 Nh6 38. Rc4 Ng4 39. Rxg4 hxg4+ 40. Kxg4 Kg8 41. Kf4 Kh7 42. Kg4 Kh6 43. Kf3 g5 44. h5 g4+ 45. Kf4 Rg8 46. Nf5+ Kxh5 47. Nxd6 Reg5 48. Nxf7 R5g6 49. e5 Rf8 50. Nd6 g3 51. Ne4 Rg4+ 52. Kf3 Kh4 53. Rxc5 Re8 54. e6 Rf8 55. f7 Rg7 56. Rc7 Kh5 57. Kf4 Kg6 58. Ke5 Rh7 59. Re7 Rd8 60. Re8 Rh5+ 61. Kf4 Rf5+ 62. Ke3 Rdxd5 63. f8Q Rxf8 64. Rxf8 Re5 65. Rg8+ Kh7 66. Rf8 Kg7 67. Rf3 Rxe6 68. Rxg3+ Kf8 69. Rg5 Rc6 70. Rc5 1-0

[Event "Titled Tuesday intern op 02nd Mar"]
[Site "Chess.com INT"]
[Date "2021.03.02"]
[Round "11"]
[White "Blanco Fernandez, Alvaro"]
[Black "Omariev, Maksim"]
[Result "1-0"]
[WhiteElo "2219"]
[BlackElo "2304"]
[PlyCount "137"]
[EventDate "2021.03.02"]
[EventType "swiss (blitz)"]
[EventRounds "11"]
[EventCountry "USA"]
[SourceTitle "CBM 201 Extra"]
[Source "ChessBase"]
[SourceDate "2021.05.31"]
[SourceVersion "1"]
[SourceVersionDate "2021.05.31"]
[SourceQuality "1"]

1. d4 h5 2. e4 h4 3. Bc4 c6 4. Qf3 Nf6 5. e5 d5 6. Bb3 Ne4 7. Nd2 Ng5 8. Qe2 h3 9. g3 Bf5 10. c3 e6 11. Ndf3 Ne4 12. Nh4 Rxh4 13. gxh4 Qxh4 14. Nf3 Qh5 15. Nd2 Bg4 16. f3 Qh4+ 17. Kf1 Nxd2+ 18. Bxd2 Bh5 19. Qf2 Qe7 20. Qg3 c5 21. Qxh3 Bg6 22. Kg2 Nc6 23. Ba4 0-0-0 24. Bxc6 bxc6 25. Be3 Bf5 26. Qg3 f6 27. h4 Qf7 28. c4 cxd4 29. Bxd4 c5 30. Bf2 d4 31. a3 fxe5 32. Qxe5 Bd6 33. Qe1 Rf8 34. Bg3 Qg6 35. Kh2 Be7 36. Qe5 Bd8 37. Qxc5+ Kd7 38. Qxd4+ Ke8 39. Rad1 Be7 40. Qd7+ Kf7 41. Bd6 Qf6 42. Qxe7+ Qxe7 43. Bxe7 Kxe7 44. Kg3 Rb8 45. b4 Rc8 46. c5 a5 47. h5 axb4 48. axb4 Rb8 49. Rd4 Ra8 50. h6 gxh6 51. Rxh6 Ra1 52. Rh2 Rb1 53. Rhd2 Rc1 54. Rd7+ Kf6 55. R7d6 Ke5 56. c6 Rg1+ 57. Kf2 Rb1 58. c7 Rc1 59. Rd7 Kf4 60. b5 e5 61. b6 Bxd7 62. Rxd7 Rc2+ 63. Kf1 Kxf3 64. Rf7+ Ke3 65. b7 Rc1+ 66. Kg2 Rc2+ 67. Kg3 Rc1 68. c8Q Rg1+ 69. Kh2 1-0

[Event "Titled Tuesday intern op 02nd Mar"]
[Site "Chess.com INT"]
[Date "2021.03.02"]
[Round "5"]
[White "Blanco Fernandez, Alvaro"]
[Black "Przybylski, Wojciech"]
[Result "0-1"]
[WhiteElo "2219"]
[BlackElo "2321"]
[PlyCount "116"]
[EventDate "2021.03.02"]
[EventType "swiss (blitz)"]
[EventRounds "11"]
[EventCountry "USA"]
[SourceTitle "CBM 201 Extra"]
[Source "ChessBase"]
[SourceDate "2021.05.31"]
[SourceVersion "1"]
[SourceVersionDate "2021.05.31"]
[SourceQuality "1"]

1. c4 e5 2. Nc3 Nf6 3. Nf3 Nc6 4. d3 Bb4 5. Bd2 0-0 6. g3 a5 7. Bg2 Re8 8. 0-0 d6 9. Bg5 Bxc3 10. bxc3 h6 11. Bd2 Be6 12. e4 Qd7 13. Nh4 Bh3 14. Qc1 Kh7 15. f4 Bxg2 16. Kxg2 a4 17. f5 Qe7 18. h3 Reb8 19. Nf3 Kg8 20. g4 Kf8 21. g5 hxg5 22. Bxg5 Ke8 23. h4 Kd7 24. Rb1 b6 25. Nh2 Qf8 26. Qe3 Nh5 27. Qf3 Qh8 28. f6 gxf6 29. Qf5+ Ke7 30. Ng4 Rg8 31. Nxf6 Qxf6 32. Qxf6+ Nxf6 33. Rxf6 Raf8 34. Rbf1 Ke8 35. Kh3 Nd8 36. Bh6 Ne6 37. Bxf8 Rxf8 38. Rxe6+ fxe6 39. Rxf8+ Kxf8 40. Kg4 Kg7 41. Kg5 Kf7 42. h5 c6 43. h6 d5 44. h7 Kg7 45. h8Q+ Kxh8 46. Kf6 d4 47. cxd4 exd4 48. Kxe6 b5 49. cxb5 cxb5 50. Kd5 b4 51. Kc4 b3 52. e5 bxa2 53. e6 a1Q 54. e7 Qc3+ 55. Kd5 Qb3+ 56. Kd6 Qb5 57. Ke6 Qe8 58. Kf6 Kg8 0-1

[Event "Titled Tuesday intern op 02nd Mar"]
[Site "Chess.com INT"]
[Date "2021.03.02"]
[Round "9"]
[White "Blanco Fernandez, Alvaro"]
[Black "Tejedor Fuente, Enrique"]
[Result "0-1"]
[WhiteElo "2219"]
[BlackElo "2434"]
[PlyCount "94"]
[EventDate "2021.03.02"]
[EventType "swiss (blitz)"]
[EventRounds "11"]
[EventCountry "USA"]
[SourceTitle "CBM 201 Extra"]
[Source "ChessBase"]
[SourceDate "2021.05.31"]
[SourceVersion "1"]
[SourceVersionDate "2021.05.31"]
[SourceQuality "1"]

1. e4 c6 2. d4 g6 3. c3 Bg7 4. Bd3 d5 5. h3 dxe4 6. Bxe4 Nf6 7. Bf3 0-0 8. Ne2 e5 9. dxe5 Qxd1+ 10. Kxd1 Nfd7 11. e6 Ne5 12. exf7+ Rxf7 13. Nd4 c5 14. Nb5 Nxf3 15. gxf3 Nc6 16. Be3 a6 17. N5a3 Bf5 18. Nc4 b5 19. Ncd2 c4 20. Na3 Rd8 21. Ke1 Ne5 22. Kf1 Rfd7 23. Bd4 Nd3 24. Nc2 Nxb2 25. Rb1 Bxc2 26. Rxb2 Bd3+ 27. Kg2 Bxd4 28. cxd4 c3 29. Rb3 cxd2 30. Rxd3 Rxd4 31. Rxd4 Rxd4 32. Rd1 a5 33. Kf1 b4 34. Ke2 Kf7 35. Rxd2 Rxd2+ 36. Kxd2 Ke6 37. Kc2 Kd5 38. Kb3 Kc5 39. Ka4 Kb6 40. f4 h6 41. h4 h5 42. f3 Ka6 43. a3 bxa3 44. Kxa3 Kb5 45. Kb3 Kc5 46. Ka4 Kd4 47. Kxa5 Ke3 0-1

[Event "Titled Tuesday intern op 23rd Feb"]
[Site "Chess.com INT"]
[Date "2021.02.23"]
[Round "1"]
[White "Blanco Fernandez, Alvaro"]
[Black "Ambartsumova, Karina"]
[Result "1-0"]
[WhiteElo "2219"]
[BlackElo "2382"]
[PlyCount "153"]
[EventDate "2021.02.23"]
[EventType "swiss (blitz)"]
[EventRounds "11"]
[EventCountry "USA"]
[SourceTitle "CBM 200 Extra"]
[Source "ChessBase"]
[SourceDate "2021.03.31"]
[SourceVersion "1"]
[SourceVersionDate "2021.03.31"]
[SourceQuality "1"]

1. d4 Nf6 2. c4 e6 3. Nc3 d5 4. Nf3 Bb4 5. Qa4+ Nc6 6. a3 Be7 7. Bf4 0-0 8. e3 a6 9. Qc2 h6 10. h3 Bd6 11. Rd1 Bxf4 12. exf4 dxc4 13. Bxc4 Nd5 14. g3 Nce7 15. 0-0 b5 16. Ba2 Bb7 17. Ne5 Nxc3 18. bxc3 Nf5 19. Kh2 Qe7 20. Bb1 g6 21. Rfe1 Rfd8 22. Nd3 Bf3 23. Rd2 Rd6 24. Ne5 Bb7 25. Qd1 Rad8 26. Bxf5 gxf5 27. Qh5 Qf6 28. Nf3 Qg6 29. Qxg6+ fxg6 30. Ne5 Kg7 31. Nd3 Bd5 32. Nc5 Kf6 33. Re5 Rb8 34. Rde2 Rbb6 35. g4 Rd8 36. Kg3 a5 37. f3 b4 38. axb4 axb4 39. cxb4 Rdd6 40. Rb2 g5 41. fxg5+ hxg5 42. f4 gxf4+ 43. Kxf4 fxg4 44. hxg4 Rd8 45. Ne4+ Bxe4 46. Kxe4 Rdb8 47. g5+ Ke7 48. g6 Rxb4 49. Rxb4 Rxb4 50. g7 Kf7 51. Rxe6 Kxg7 52. Re7+ Kf6 53. Rxc7 Ke6 54. Rh7 Ra4 55. Rh6+ Ke7 56. Ke5 Ra5+ 57. d5 Ra1 58. Rh7+ Kd8 59. Ke6 Re1+ 60. Kd6 Kc8 61. Rh8+ Kb7 62. Kd7 Rd1 63. d6 Re1 64. Rh4 Rd1 65. Rb4+ Ka7 66. Kc7 Rc1+ 67. Kd8 Rd1 68. d7 Rc1 69. Rb5 Rc2 70. Ke7 Re2+ 71. Kd6 Rd2+ 72. Rd5 Rxd5+ 73. Kxd5 Kb7 74. d8Q Ka6 75. Qb8 Ka5 76. Kc5 Ka6 77. Qb6# 1-0

[Event "Titled Tuesday intern op 23rd Feb"]
[Site "Chess.com INT"]
[Date "2021.02.23"]
[Round "11"]
[White "Purtseladze, Maka"]
[Black "Blanco Fernandez, Alvaro"]
[Result "1-0"]
[WhiteElo "2274"]
[BlackElo "2219"]
[PlyCount "37"]
[EventDate "2021.02.23"]
[EventType "swiss (blitz)"]
[EventRounds "11"]
[EventCountry "USA"]
[SourceTitle "CBM 200 Extra"]
[Source "ChessBase"]
[SourceDate "2021.03.31"]
[SourceVersion "1"]
[SourceVersionDate "2021.03.31"]
[SourceQuality "1"]

1. h3 b6 2. d4 Bb7 3. Nf3 Nf6 4. Bf4 g6 5. e3 Bg7 6. a4 0-0 7. a5 d6 8. a6 Bc8 9. Nbd2 c5 10. c3 Nbd7 11. Bb5 Qc7 12. 0-0 e5 13. Bh2 h6 14. Nc4 Ne8 15. Bxd7 Bxd7 16. dxe5 dxe5 17. Nfxe5 Bb5 18. Nxg6 Qc8 19. Ne7+ 1-0